000 00559nam a2200205Ia 4500
008 260428s9999 xx 000 0 und d
020 _a9789563271256
082 _a342.024 N778b 2015 HNA
100 _aNogueira Alcalá, Humberto, coordinador
245 0 _aLas bases de la institucionalidad: realidad y desafíos.
250 _a1a. edición
260 _aCECOCH LIBROTECNIA
260 _bSantiago, Chile
260 _c2015
300 _a331p.
500 _aHNA
650 _aChile
_9121
650 _aDerecho Constitucional
_91698
942 _clibro
999 _c20444
_d20444